La literatura y la tradicion norteamericana /
Guardado en:
| Autor Principal: | |
|---|---|
| Formato: | Libro |
| Publicado: |
Mexico :
Novaro,
1964
|
| Materias: | |
| Etiquetas: |
Agregar Etiqueta
Sin Etiquetas, Sea el primero en etiquetar este registro!
|
| LEADER | 00465nam a22001575a 4500 | ||
|---|---|---|---|
| 001 | EHU.bham007665 | ||
| 003 | AR-BHAM | ||
| 005 | 20091202145428.0 | ||
| 008 | 130507s1964##################000#0#####d | ||
| 082 | 8 | 1 | |a 810.9 |
| 100 | 1 | |a Howard, Leon | |
| 245 | 1 | 0 | |a La literatura y la tradicion norteamericana / |c Leon Howard. |
| 260 | |a Mexico : |b Novaro, |c 1964 | ||
| 300 | |a 302 p. | ||
| 653 | |a Literatura eeuu-historia | ||
| 859 | |a AR-BHAM |b BIB. HUMANIDADES - General |h 810.9 |i H834 |p 744.71 |t Ej.1 | ||
